000 01755nam2a2200253 4500
001 RU\NLR\BIBL_A\010355079
005 20250614042416.0
010 _a99947-39-02-6
_9200
035 _a(NLR Aleph) 010355079
090 _a10760180
_c10760180
100 _a20140510d2006 |||y0rusy50 ca
101 0 _atgk
102 _aRU
105 _ay||||||||||||
200 0 _aҚ. 1
210 _d2006
_aБ. м.
215 _a85,[2] саҳ.
300 _aНа тит. л. также: Ба ҷашни 15-солагии истиқлолияти давлатии Ҷумҳурии Тоҷикистон, Соли бузургдошти тамаддуни ориеӣ, 2700-солагии шаҳри Кӯлоб ва Анҷумани тоҷикон ва форсизабонони ҷаҳон бахшида мешавад
320 _aБиблиогр. в подстроч. примеч.
461 0 _1001RU\NLR\BIBL_A\010355078
_12001#$aАдибони Ҷумҳурии Тоҷикистон$e(тавсияҳои методӣ барои китобдорон)$fВаз. фарҳанги Ҷумҳ. Тоҷикистон. К-хонаи миллии Ҷумҳ. Тоҷикистон ба номи А. Фирдавсӣ. Шӯъбаи илмию методӣ$g[мурат. ва муҳ. Ҷ. Раҷабов]$v[Қ. 1]
_910760177
_cДушанбе
_d2006
_fВаз. фарҳанги Ҷумҳ. Тоҷикистон. К-хонаи миллии Ҷумҳ. Тоҷикистон ба номи А. Фирдавсӣ. Шӯъбаи илмию методӣ
_nЭҷод
_o(тавсияҳои методӣ барои китобдорон)
_tАдибони Ҷумҳурии Тоҷикистон
_v[Қ. 1]
852 _aNLR
_bОНЛ
_jТадж./2-8906
942 _cBOOK
980 _aNB